Longman dictionary of language teaching and applied linguistics / (رقم التسجيلة. 37226)

تفاصيل مارك
000 -فاتح التسجيلة
الفاتح 00946 a2200229 4500
008 - عناصر البيانات ثابتة الطول
عناصر البيانات ثابتة الطول 100212s2010 enka g d 000 0 eng d
020 ## - ردمك
ردمك 9781408204603 (pbk.)
020 ## - ردمك
ردمك 1408204606
082 00 - رقم تصنيف ديوي العشري
رقم تصنيف ديوي 428.0071
اصدار خطة التصنيف 22
رقم المادة RJL
100 1# - المؤلف - اسم شخصي (مدخل رئيسي)
الاسم (اسم العائلة، الاسماء الاولى Richards, Jack C.,
التواريخ )مثل سنة الميلاد- الوفاة( 1943-
245 10 - العنوان
العنوان الفعلي Longman dictionary of language teaching and applied linguistics /
بيان المسئولية Jack C. Richards and Richard Schmidt.
246 30 - اشكال أخرى للعنوان
العنوان الفعلي Language teaching and applied linguistics
246 30 - اشكال أخرى للعنوان
العنوان الفعلي Dictionary of language teaching and applied linguistics
250 ## - الطبعة
بيان الطبعة 4th ed.
260 ## - بيانات النشر
مكان النشر Harlow :
الناشر Longman,
التاريخ 2010.
300 ## - الوصف المادي
التعداد viii, 644 p. :
بيانات مادية أخرى ill. ;
اﻷبعاد 22 cm.
650 #0 - رأس موضوع - مصطلح موضوعي
الموضوع Language and languages
تقسيم فرعي عام Study and teaching
تقسيم فرعي شكلي Dictionaries.
650 #0 - رأس موضوع - مصطلح موضوعي
الموضوع Applied linguistics
تقسيم فرعي شكلي Dictionaries.
700 1# - مدخل اضافي - المؤلف اسم شخصي
إسم الشخص Schmidt, Richard W.
856 42 - رابط المصدر الإلكتروني
نوع النص الكامل <a href="Contributor biographical information">Contributor biographical information</a>
رابط المصدر الإلكتروني <a href="http://www.loc.gov/catdir/enhancements/fy1316/2010006217-b.html">http://www.loc.gov/catdir/enhancements/fy1316/2010006217-b.html</a>
942 ## - مداخل إضافية خاصة بكوها
Koha [default] item type كتاب
100 1# - المؤلف - اسم شخصي (مدخل رئيسي)
-- 50728
650 #0 - رأس موضوع - مصطلح موضوعي
-- 48226
650 #0 - رأس موضوع - مصطلح موضوعي
-- 48227
700 1# - مدخل اضافي - المؤلف اسم شخصي
-- 48228
المقتنيات
حالة اﻹلغاء مادة مفقودة مصدر خطة التصنيف أو الترفيف حالة التلف غير مسموح باﻹعارة موقع غير دائم الموقع الحالي تاريخ التزويد إجمالي اﻹعارات رقم الطلب بالكامل الباركود آخر تاريخ للعرض رقم النسخة السعر فعال من تاريخ نوع المادة في كوها
    Dewey Decimal Classification   Not For Loan المكتبة المركزية بالمجمعة (CL) المكتبة المركزية بالمجمعة (CL) 2015-07-07   428.0071 RJL 00212317 2015-07-07 1 2015-07-07 كتاب
    Dewey Decimal Classification     المكتبة المركزية بالمجمعة (CL) المكتبة المركزية بالمجمعة (CL) 2015-07-07   428.0071 RJL 00212316 2015-07-07 2 2015-07-07 كتاب
    Dewey Decimal Classification     المكتبة المركزية بالمجمعة (CL) المكتبة المركزية بالمجمعة (CL) 2015-07-07   428.0071 RJL 00212315 2015-07-07 3 2015-07-07 كتاب
    Dewey Decimal Classification   Not For Loan مكتبة مجمع الكليات بالزلفى - طلاب (SZM) مكتبة مجمع الكليات بالزلفى - طلاب (SZM) 2015-07-07   428.0071 RJL 00212319 2015-07-07 1 2015-07-07 كتاب
    Dewey Decimal Classification     مكتبة مجمع الكليات بالزلفى - طلاب (SZM) مكتبة مجمع الكليات بالزلفى - طلاب (SZM) 2015-07-07   428.0071 RJL 00212318 2015-07-07 2 2015-07-07 كتاب